| 000 | 00842nam a22002057a 4500 | ||
|---|---|---|---|
| 999 |
_c4749 _d4749 |
||
| 003 | AR-CdUCM | ||
| 008 | 190311b ||||| |||| 00| 0 spa d | ||
| 040 |
_aMUNICIPALIDAD PROVINCIAL DEL CUSCO _cBIBLIOTECA MUNICIPAL DEL CUSCO |
||
| 082 |
_22ed. _a141.831 / _bM26 |
||
| 100 |
_aMarías, Julián _912094 |
||
| 245 |
_aLa filosofía del padre Gratry : _bLa restauración de la metafísica en el problema de Dios y de la persona / |
||
| 260 |
_aBuenos aires : _bEditorial sudamericana, _c1948. |
||
| 300 |
_a251 paginas ; _c21 cm. |
||
| 505 | _aContenido :La tradición filosófica de Gratry -- La vuelta a la metafísica -- La historia del problema de dios -- El sentido -- El ateísmo ... | ||
| 650 |
_aTeodicea _914700 |
||
| 650 |
_aCiencias filosóficas _914701 |
||
| 650 |
_aCiencias ocultas _914339 |
||
| 942 |
_2ddc _cLIBROS |
||
| 945 | _arum | ||